000 00348nam a2200133 4500
001 120791
003 ES-MaACL
007 t|
008 070214s1927 xr r ||||1| ger d
245 0 0 _aPrag und sein aufstieg
_b: mit 20 abbildungen.
260 _aPrag :
_bOrbis,
_c1927.
300 _a166 p. :
_bil. ;
_c21 x 14 cm.
852 _aES-MaACL
_jB-6247
999 _c120791
_d120791